Técnica y construcción de incubadoras /

Guardado en:
Autor Principal: Manzzonelli, Jorge M
Formato: Libro
Publicado: Buenos Aires : Hobby, 1965
Materias:
Etiquetas: Agregar Etiqueta
Sin Etiquetas, Sea el primero en etiquetar este registro!
LEADER 00863nam a22002055a 4500
001 CEM.cems015991
008 130507s1965##################000#0#####d
005 20210830195249.0
003 CEMS
245 1 0 |a Técnica y construcción de incubadoras /  |c Jorge M Manzzonelli, Jorge E Led 
260 |a Buenos Aires :  |b Hobby,  |c 1965 
300 |a 139 p. 
505 0 |a Generalidades -- Materiales a utilizar -- Cañerías -- Sistema de regulación -- Incubadoras eléctricas -- Accesorios de las incubadoras -- Criadoras -- Construcción de incubadoras -- Incubadoras seccionales a kerosene -- Incubadoras eléctricas verticales 
100 1 |a Manzzonelli, Jorge M 
082 0 4 |a 636.5 
653 |a Aves 
653 |a Incubadoras 
653 |a Incubadoras-construcción de 
653 |a Incubadoras-caracterítica de 
859 |a CEMS  |b BIB. CEMS - Agricultura  |h 636.5  |i M459  |p A11502.82  |t Ej.1